[Event "4NCL Division 2b"]
[Site "Telford, ENG"]
[Date "2018.03.17"]
[Round "7.85"]
[White "Gregory, Andrew M"]
[Black "Ratnesan, Ranesh"]
[Result "0-1"]
[WhiteElo "1993"]
[BlackElo "2037"]
[PlyCount "52"]
[EventDate "2018.03.17"]
[WhiteTeam "West is Best 2"]
[BlackTeam "KJCA Kings"]

1. d4 Nf6 2. Nf3 g6 3. g3 Bg7 4. Bg2 O-O 5. O-O d6 6. b3 c5 7. c3 cxd4 8. cxd4
Nc6 9. Bb2 d5 10. Nc3 Qa5 11. Ne5 e6 12. Nxc6 bxc6 13. Na4 Nd7 14. Qc2 Bb7 15.
Rab1 c5 16. dxc5 Bxb2 17. Rxb2 Bc6 18. Rc1 Rac8 19. Nc3 Qxc5 20. e3 Qd6 21. Qd2
Nf6 22. Rbc2 Qd7 23. Qd4 Ne8 24. Nxd5 exd5 25. Bxd5 Bb7 26. Bxf7+ Qxf7 0-1

[Event "4NCL Division 2b"]
[Site "Telford, ENG"]
[Date "2018.03.17"]
[Round "7.86"]
[White "Yoon, Jacob D"]
[Black "Howell, Oliver W"]
[Result "1-0"]
[WhiteElo "2013"]
[BlackElo "1975"]
[PlyCount "75"]
[EventDate "2018.03.17"]
[WhiteTeam "KJCA Kings"]
[BlackTeam "West is Best 2"]

1. e4 e6 2. d4 d5 3. Nd2 Nf6 4. e5 Nfd7 5. Bd3 c5 6. c3 Nc6 7. Ne2 cxd4 8. cxd4
f6 9. exf6 Nxf6 10. O-O Bd6 11. Nf3 O-O 12. Nc3 a6 13. Bd2 Qc7 14. Rc1 Bd7 15.
Re1 Rae8 16. Na4 Qb8 17. Nb6 e5 18. Nxd7 Nxd7 19. Qb3 Nf6 20. Bg5 Na5 21. Qa4
e4 22. Bxf6 Rxf6 23. Qxa5 b5 24. Ne5 exd3 25. Nd7 Bxh2+ 26. Kh1 Rh6 27. Nxb8
Rf8 28. g3 Bxg3+ 29. Kg2 Bxb8 30. Qd2 Bf4 31. Qxd3 Rh2+ 32. Kg1 Bd6 33. Rc2 Rf6
34. Re3 Rfh6 35. Rc8+ Kf7 36. Rf3+ Ke7 37. Qe3+ Kd7 38. Qe8# 1-0

[Event "4NCL Division 2b"]
[Site "Telford, ENG"]
[Date "2018.03.17"]
[Round "7.87"]
[White "Humphreys, Jerry G"]
[Black "Golding, James"]
[Result "1-0"]
[WhiteElo "2035"]
[BlackElo "2024"]
[PlyCount "99"]
[EventDate "2018.03.17"]
[WhiteTeam "West is Best 2"]
[BlackTeam "KJCA Kings"]

1. c4 e6 2. Nc3 d5 3. d4 c5 4. cxd5 cxd4 5. Qxd4 Nc6 6. Qd1 exd5 7. Qxd5 Bd7 8.
Qe4+ Be6 9. Nf3 Nf6 10. Qb1 Bc5 11. e3 Qd7 12. Be2 O-O-O 13. O-O h6 14. a3 Kb8
15. b4 Bd6 16. Rd1 Qe7 17. Nb5 Be5 18. Bb2 Rxd1+ 19. Bxd1 Bxb2 20. Qxb2 g5 21.
Rc1 Bd5 22. Nbd4 Re8 23. Nxc6+ Bxc6 24. Nd4 Bd5 25. Qc2 Be4 26. Qc5 Qd7 27. Ba4
b6 28. Bxd7 bxc5 29. Bxe8 cxd4 30. Bb5 dxe3 31. fxe3 Ng4 32. Ba6 Bf5 33. Rc3
Be6 34. h3 Nf6 35. Rc1 Nd5 36. Kf2 Nb6 37. h4 gxh4 38. Rh1 h3 39. gxh3 Kc7 40.
h4 Kd6 41. Rc1 Na4 42. Bb5 Nb6 43. Rc5 Bd5 44. Kg3 a5 45. Kf4 axb4 46. axb4 Ke7
47. e4 Be6 48. Rh5 f5 49. Rxh6 fxe4 50. Ke5 1-0